Statistics for into the wild warriors cats quiz

Click here to take the quiz!

General Stats

  • This quiz has been taken 55 times
  • The average score is 14 of 15

Answer Stats

Questionguess thingy% Correct
Who is leader of ThunderClanBlueStar
100%
What is FirePaws warrior nameFireHeart
100%
FirePaw is eavesdropping and sends RavenPaw away because of whoTigerClaw
100%
What is GrayPaws warrior nameGreyStripe
98%
Who is leader of WindClanTallStar
98%
Who is deputy after RedTailLionHeart
96%
Who died when Rusty came to ThunderClanRedTail
96%
Who is the medicine cat of ThunderClanSpottedLeaf
96%
Which clan does sunning rocks belong toThunderClan
96%
Who does FirePaw bring to ThunderClan and care for as a punishmentYellowFang
96%
Who is leader of RiverClanCrookedStar
94%
Who is leader of ShadowClanBrokenStar
88%
Who kills SpottedLeafClawFace
88%
Which battle did LionHeart die inShadowClan
76%
Who gets run over by a carCinderPaw
47%

Score Distribution

Percentile by Number Answered

Percent of People with Each Score

Your Score History

You have not taken this quiz